000 00628nam a22002297a 4500
999 _c335446
_d335446
001 49343
003 UA-OsUOA
005 20200413122251.0
007 ta
008 20071002b un ||||| |||| 00| 0 ukr d
040 _aUA-OsUOA
_bukr
_cUA-OsUOA
_dUA-OsUOA
041 _aukr
080 _a82.09
090 _a82.09
_bП12
100 _aПазяк М. М.
245 _aЮрій Федькович і народна творчість
260 _aК.
_bНаукова думка
_c1974
300 _a173 с.
650 7 _a82 Література. Літературознавство
_2UDC
942 _cBK
_2udc
955 _a1